| 000 | 01623nam a2200361 c 4500 | ||
|---|---|---|---|
| 999 |
_c349024 _d349024 |
||
| 003 | BLK | ||
| 005 | 20201007040649.0 | ||
| 008 | 180413b bul|||||r ||||||| ||bul|| | ||
| 010 | _aKNG00027336000 | ||
| 040 | _aBLK | ||
| 041 |
_aDEU _cBUL |
||
| 072 | 7 |
_2bullib _aЛ09 _xЛечебна гимнастика, йога, цигун, мудри, каланетика и др. |
|
| 080 |
_aРефлексотерапия. Масажи и механотерапия - Ритмичен и вибрационен масаж, термомасаж, електромасаж _b615.82 _x(035) _z615.82(035) |
||
| 100 |
_aФранзън, Сюзън _eпърви автор _91299 |
||
| 139 |
_aФранзън, Сюзън _bФ 76 |
||
| 245 | 1 | 0 |
_aШиацу _bИлюстрован самоучител стъпка по стъпка _cСюзън Франзън; прев. от англ. Венцислав Василев |
| 260 |
_bХомо Футурус _c2001 _9209772 _n978-619-7047- ; 978-954-8086- ; 954-8231- |
||
| 300 |
_a60 с. _c20X21 см _bс ил. |
||
| 380 | _a61 | ||
| 650 | 4 |
_aМасаж, източен _9266883 |
|
| 653 | _aмасажи | ||
| 653 | _aшиацу | ||
| 659 | _aЛ | ||
| 700 |
_aВасилев, Венцислав _eпрев. от англ. _91021 |
||
| 852 |
_aЦб 300668 _bЦб |
||
| 856 | 4 |
_qpdf _u |
|
| 856 | 4 |
_qpdf _u |
|
| 942 |
_cKNG _n0 _s1 |
||
| 944 |
_aCR _c2020-03-11 _kК.Д. |
||
| 999 | _d349024 | ||
| 999 | _d349024 | ||
| 999 | _d24809 | ||